Ajedrez para niños (Registro nro. 2625)

Detalles MARC
000 - LÍDER
campo de control de longitud fija 00791nam a2200253Ia 4500
005 - FECHA Y HORA DE LA ÚLTIMA TRANSACCIÓN
campo de control 20210727153121.0
008 - ELEMENTOS DE DATOS DE LONGITUD FIJA - INFORMACIÓN GENERAL
campo de control de longitud fija 141017s9999 sp a gr 000 0 spa
020 ## - INTERNATIONAL STANDARD BOOK NUMBER
International Standard Book Number 8482361325
041 0# - CÓDIGO DE LENGUAJE
Código de idioma de texto / pista de sonido o título separado spa
082 04 - NÚMERO DE CLASIFICACIÓN DECIMAL DEWEY
Número de clasificación 794.1
Número de artículo M14a
040 ## - FUENTE DE CATALOGACIÓN
Agencia de catalogación original CO-BoRNBP
Lenguaje de catalogación spa
Descripción convenciones rda
Agencia de transcripción CO-BoRNBP
100 1# - ENTRADA PRINCIPAL - NOMBRE PERSONAL
Nombre de la persona McLeod, William T.
245 10 - TÍTULO DECLARACIÓN
Título Ajedrez para niños
Declaración de responsabilidad William T. McLeod y Ronald Mongredien
250 ## - DECLARACIÓN DE EDICIÓN
Sentencia de edición Primera edición
264 ## - AVISO DE PRODUCCIÓN, PUBLICACIÓN, DISTRIBUCIÓN, FABRICACIÓN Y DERECHOS DE AUTOR
Lugar de producción Barcelona
Nombre del productor Idea Books
Fecha de producción 1999
300 ## - DESCRIPCIÓN FÍSICA
Alcance 64 páginas
Otros datos físicos ilustraciones
Dimensiones 29 cm
336 ## - TIPO DE CONTENIDO
Tipo de contenido texto
Código de tipo de contenido txt
Fuente rdacontent
337 ## - TIPO DE MEDIO
Término del tipo de medio sin mediación
Código de tipo de medio n
Fuente rdamedia
338 ## - TIPO DE PORTADOR
Término del tipo de operador volumen
Código de tipo de operador nc
Fuente rdacarrier
650 14 - ENTRADA DE SUJETO AÑADIDO - TÉRMINO TÓPICO
Término tópico o elemento de entrada del nombre geográfico Ajedrez
Subdivisión general Estudio y enseñanza
Fuente del título o término LEMB
650 14 - ENTRADA DE SUJETO AÑADIDO - TÉRMINO TÓPICO
Término tópico o elemento de entrada del nombre geográfico Ajedrez
Subdivisión general Estrategia y técnicas
Fuente del título o término LEMB
650 14 - ENTRADA DE SUJETO AÑADIDO - TÉRMINO TÓPICO
Término tópico o elemento de entrada del nombre geográfico Juego de tablero
Fuente del título o término LEMB
942 ## - ELEMENTOS DE ENTRADA AGREGADOS (KOHA)
Fuente de clasificación o esquema de estanterías Dewey Decimal Classification
Tipo de artículo Koha Libro
Existencias
Estado de retirada Pérdida de estatus Fuente de clasificación o esquema de estanterías Estado dañado No para préstamo Ubicación permanente Ubicación actual Ubicación de las estanterías Fecha de adquisición Fuente de adquisición Calificador de ubicación codificado Total de Cajas Número Topográfico Código de barras Precio efectivo desde Número de copia Fecha de la última vez que se vio Tipo de artículo Koha Código de recogida
    Dewey Decimal Classification     Biblioteca Pública Municipal Abraham Ayala Biblioteca Pública Municipal Abraham Ayala Área Infantil 13/05/2022 Dotacion Biblioteca Nacional Dotacion B   794.1 M14a PUE13 - 0100 13/05/2022 Ej.1 13/05/2022 Libro  
    Dewey Decimal Classification     Biblioteca Pública Municipal Francisco Jaramillo Ochoa Biblioteca Pública Municipal Francisco Jaramillo Ochoa Área Infantil 17/01/2024 Dotacion Ministerio de Cultura     794.1 M14a LAVI10 - 2574 17/01/2024 Ej. 1 17/01/2024 Libro Infantil
    Dewey Decimal Classification     Biblioteca Pública Municipal Juan XXIII Biblioteca Pública Municipal Juan XXIII Área Infantil 06/03/2024 Ministerio de cultura     794.1 M14a BAL02-3294 06/03/2024 Ej.1 06/03/2024 Libro Infantil